|
|
|
|
| LEADER |
00000nam0a2200000 4500 |
| 001 |
337736 |
| 005 |
20231102005000.0 |
| 035 |
|
|
|a (RuTPU)RU\TPU\book\364224
|
| 090 |
|
|
|a 337736
|
| 100 |
|
|
|a 20171110d1964 km y0rusy50 ca
|
| 101 |
0 |
|
|a rus
|
| 102 |
|
|
|a RU
|
| 105 |
|
|
|a a z 001zy
|
| 200 |
1 |
|
|a Опыт работы Ордена Ленина Уфимского нефтеперерабатывающего завода
|e [сборник статей]
|f Государственный комитет нефтедобывающей промышленности при Госплане СССР ; Центральный научно-исследовательский институт технико-экономических исследований по нефтяной, нефтехимической и газовой промышленности
|
| 210 |
|
|
|a Москва
|c Изд-во ЦНИИТЭнефтегаз
|d 1964
|
| 215 |
|
|
|a 131 с.
|
| 320 |
|
|
|a Библиография в конце статей
|
| 606 |
1 |
|
|a Нефтеперерабатывающие заводы
|x Опытное производство
|2 stltpush
|3 (RuTPU)RU\TPU\subj\33871
|9 55987
|
| 610 |
1 |
|
|a аналитические обзоры
|
| 610 |
1 |
|
|a тематические обзоры
|
| 610 |
1 |
|
|a циклогексан
|
| 610 |
1 |
|
|a регенерация
|
| 610 |
1 |
|
|a кислородсодержащие углеводороды
|
| 610 |
1 |
|
|a сернистые нефти
|
| 610 |
1 |
|
|a каталитический крекинг
|
| 610 |
1 |
|
|a нефтехимические производства
|
| 675 |
|
|
|a 665.63.013
|v 4
|
| 712 |
0 |
2 |
|a Государственный комитет нефтедобывающей промышленности при Госплане СССР
|2 stltpush
|3 (RuTPU)RU\TPU\col\8765
|9 24577
|
| 712 |
0 |
2 |
|a Центральный научно-исследовательский институт технико-экономических исследований по нефтяной, нефтехимической и газовой промышленности
|2 stltpush
|3 (RuTPU)RU\TPU\col\8503
|9 24537
|
| 801 |
|
1 |
|a RU
|b 63413507
|c 20171110
|
| 801 |
|
2 |
|a RU
|b 63413507
|c 20201109
|g RCR
|
| 942 |
|
|
|c BK
|